[Event "ch-RUS HL"]
[Site "Ulan Ude RUS"]
[Date "2009.09.04"]
[Round "3"]
[White "Potkin,V"]
[Black "Riazantsev,A"]
[Result "0-1"]
[WhiteElo "2606"]
[BlackElo "2646"]
[EventDate "2009.09.02"]

1. d4 Nf6 2. c4 e6 3. Nf3 b6 4. g3 Bb4+ 5. Bd2 a5 6. Bg2 Bb7 7. O-O O-O 8.
Bg5 Be7 9. Qc2 h6 10. Bxf6 Bxf6 11. e4 d6 12. Nc3 Nc6 13. Rad1 e5 14. dxe5
Nxe5 15. Nd5 Nxf3+ 16. Bxf3 Re8 17. Bg2 Bxd5 18. cxd5 a4 19. Rd3 Ra5 20. b4
axb3 21. axb3 Qd7 22. b4 Ra4 23. Rb3 Rea8 24. h4 Ra2 25. Qd3 Qa4 26. Rc1
Bd4 27. Rf1 b5 28. h5 Qa7 29. Qxb5 Rxf2 30. Rxf2 Bxf2+ 31. Kh2 Bd4 32. Qd7
Be5 33. Rf3 f6 34. Kh3 Qb6 35. Qc6 Qb8 36. b5 Qc8+ 37. g4 Qb8 38. Rb3 Qa7
39. Qa6 Qb8 40. Qc6 Kh7 41. b6 cxb6 42. g5 fxg5 43. Qd7 b5 44. Bf1 b4 45.
Kg4 Qb6 0-1

[Event "ch-RUS HL"]
[Site "Ulan Ude RUS"]
[Date "2009.09.04"]
[Round "3"]
[White "Timofeev,Arty"]
[Black "Khismatullin,D"]
[Result "1-0"]
[WhiteElo "2668"]
[BlackElo "2614"]
[EventDate "2009.09.02"]

1. d4 Nf6 2. c4 g6 3. g3 Bg7 4. Bg2 c5 5. Nf3 cxd4 6. Nxd4 O-O 7. Nc3 Qc7
8. b3 d5 9. O-O dxc4 10. Ncb5 Qa5 11. bxc4 Nbd7 12. Bf4 a6 13. Nb3 Qd8 14.
Bc7 Qe8 15. Nc3 Nh5 16. Rc1 Be5 17. Nd5 Ra7 18. Bxe5 Nxe5 19. Qd4 Nc6 20.
Qe3 e6 21. Nc7 Qe7 22. Qb6 Bd7 23. Rfd1 Rc8 24. Nd4 Qb4 25. c5 Rxc7 26.
Qxc7 Nxd4 27. Qb8+ Kg7 28. Qe5+ Nf6 29. Rxd4 Qb2 30. Rcd1 Bb5 31. Qb8 Qxe2
1-0

[Event "ch-RUS HL"]
[Site "Ulan Ude RUS"]
[Date "2009.09.04"]
[Round "3"]
[White "Khairullin,I"]
[Black "Inarkiev,E"]
[Result "1/2-1/2"]
[WhiteElo "2604"]
[BlackElo "2664"]
[EventDate "2009.09.02"]

1. d4 Nf6 2. c4 g6 3. Nc3 Bg7 4. e4 d6 5. f3 O-O 6. Be3 a6 7. Qd2 Nbd7 8.
Nh3 c5 9. Nf2 Qa5 10. Be2 cxd4 11. Bxd4 Ne5 12. Be3 Bd7 13. Nd5 Qxd2+ 14.
Kxd2 Nxd5 15. cxd5 b5 16. Rac1 Nc4+ 17. Bxc4 bxc4 18. Rxc4 Bxb2 19. Rc7 Ba4
20. Nd1 Rab8 21. Rc4 Bxd1 22. Rxd1 f5 23. Kd3 fxe4+ 24. fxe4 Rb5 25. Ra4
Rc8 26. Rxa6 Rc3+ 27. Ke2 Rc4 28. Kd3 Rc3+ 29. Ke2 Rc4 30. Kd3 Rbb4 31. Bd2
Rd4+ 32. Kc2 Rdc4+ 33. Kd3 Rd4+ 34. Kc2 Rdc4+ 1/2-1/2

[Event "ch-RUS HL"]
[Site "Ulan Ude RUS"]
[Date "2009.09.04"]
[Round "3"]
[White "Lastin,A"]
[Black "Matlakov,M"]
[Result "1/2-1/2"]
[WhiteElo "2648"]
[BlackElo "2574"]
[EventDate "2009.09.02"]

1. e4 e5 2. Bc4 Nf6 3. Nc3 Nc6 4. d3 Na5 5. Qf3 c6 6. Nge2 Nxc4 7. dxc4 d6
8. h3 Be7 9. O-O Be6 10. b3 Qc7 11. a4 O-O 12. Ng3 Rad8 13. Rd1 h6 14. Be3
Qa5 15. Bd2 Qc7 16. Be3 Qa5 17. Bd2 Qc7 18. Be3 1/2-1/2

[Event "ch-RUS HL"]
[Site "Ulan Ude RUS"]
[Date "2009.09.04"]
[Round "3"]
[White "Shimanov,A"]
[Black "Savchenko,B"]
[Result "1-0"]
[WhiteElo "2508"]
[BlackElo "2638"]
[EventDate "2009.09.02"]

1. d4 Nf6 2. c4 e6 3. Nf3 d5 4. Nc3 c6 5. Bg5 h6 6. Bxf6 Qxf6 7. e3 Nd7 8.
Bd3 dxc4 9. Bxc4 g6 10. O-O Qe7 11. e4 Bg7 12. e5 O-O 13. Re1 Rd8 14. Bd3
b6 15. Qe2 Rb8 16. Rac1 Bb7 17. Be4 h5 18. a3 Bh6 19. Rc2 a5 20. h3 b5 21.
Bd3 b4 22. axb4 axb4 23. Ne4 c5 24. dxc5 Bxe4 25. Bxe4 Nxc5 26. Rc4 Nxe4
27. Qxe4 Rd5 28. Nd4 Qd7 29. Nc6 Rbb5 30. Qh4 Bf8 31. Rec1 Bc5 32. Nxb4
Rxe5 33. Na6 Be7 34. Qg3 Bd6 35. Qc3 Qb7 36. Rc8+ Kg7 37. Rc6 Rb3 38. Qd4
Rxb2 39. Rxd6 Rbe2 40. Nc5 Qe7 41. Nxe6+ Kh7 42. Rc7 Qe8 43. Rxf7+ 1-0

[Event "ch-RUS HL"]
[Site "Ulan Ude RUS"]
[Date "2009.09.04"]
[Round "3"]
[White "Papin,V"]
[Black "Tregubov,P"]
[Result "1/2-1/2"]
[WhiteElo "2529"]
[BlackElo "2649"]
[EventDate "2009.09.02"]

1. d4 Nf6 2. c4 c5 3. d5 b5 4. cxb5 a6 5. bxa6 g6 6. Nc3 Bxa6 7. g3 d6 8.
Bg2 Bg7 9. Nf3 Nbd7 10. Rb1 O-O 11. O-O Qa5 12. Bd2 Ng4 13. Qc2 Nge5 14.
Nxe5 Nxe5 15. b3 Qa3 16. Bc1 Qa5 17. Bd2 Qa3 18. Bc1 Qa5 19. Bd2 Qa3 20.
Bc1 1/2-1/2

[Event "ch-RUS HL"]
[Site "Ulan Ude RUS"]
[Date "2009.09.04"]
[Round "3"]
[White "Amonatov,F"]
[Black "Shomoev,A"]
[Result "1/2-1/2"]
[WhiteElo "2643"]
[BlackElo "2566"]
[EventDate "2009.09.02"]

1. e4 e6 2. d4 d5 3. Nc3 dxe4 4. Nxe4 Nd7 5. Nf3 Ngf6 6. Nxf6+ Nxf6 7. c3
c5 8. Ne5 a6 9. Qa4+ Bd7 10. Nxd7 Qxd7 11. Qxd7+ Nxd7 12. Be3 cxd4 13. Bxd4
e5 14. Be3 Bc5 15. Bxc5 Nxc5 16. O-O-O f6 17. Rd5 Nd7 18. g3 O-O-O 19. Bh3
Kc7 20. Re1 Nb8 21. Rxd8 Rxd8 22. Re4 Nc6 23. Rh4 h6 24. Kc2 Rd6 25. b4 b5
26. Re4 g6 27. Re2 f5 28. f3 Kb6 29. g4 f4 30. Bf1 Re6 31. Re1 e4 32. fxe4
Ne5 33. h3 Rd6 34. a4 Nf3 35. a5+ Kc7 36. Re2 Ne5 37. Rf2 g5 38. Be2 Rf6
39. Bf1 Rd6 40. Be2 Rf6 41. Bf1 1/2-1/2

[Event "ch-RUS HL"]
[Site "Ulan Ude RUS"]
[Date "2009.09.04"]
[Round "3"]
[White "Lysyj,I"]
[Black "Nikolenko,O"]
[Result "1/2-1/2"]
[WhiteElo "2612"]
[BlackElo "2533"]
[EventDate "2009.09.02"]

1. d4 Nf6 2. c4 g6 3. Nc3 d5 4. Qb3 c5 5. cxd5 cxd4 6. Qa4+ Nbd7 7. Qxd4
Bg7 8. e4 O-O 9. Nf3 Ng4 10. Qd1 Qb6 11. Qc2 f5 12. Bc4 fxe4 13. Nxe4 Nc5
14. Nxc5 Qb4+ 15. Bd2 Qxc5 16. d6+ Kh8 17. Bc3 exd6 18. Bxg7+ Kxg7 19. Qc3+
Ne5 20. Be2 Qxc3+ 21. bxc3 Bg4 22. Nxe5 Bxe2 23. Kxe2 Rae8 24. Rhd1 Rxe5+
25. Kf1 Rc5 26. Rxd6 Rxc3 27. Rd2 Rf7 28. a4 1/2-1/2

[Event "ch-RUS HL"]
[Site "Ulan Ude RUS"]
[Date "2009.09.04"]
[Round "3"]
[White "Anisimov,P2"]
[Black "Burmakin,V"]
[Result "1/2-1/2"]
[WhiteElo "2518"]
[BlackElo "2599"]
[EventDate "2009.09.02"]

1. e4 c6 2. d4 d5 3. Nd2 dxe4 4. Nxe4 Bf5 5. Ng3 Bg6 6. h4 h6 7. Nf3 Nd7 8.
h5 Bh7 9. Bd3 Bxd3 10. Qxd3 e6 11. Bd2 Qc7 12. O-O-O O-O-O 13. Ne4 Ngf6 14.
g3 Nc5 15. Nxc5 Bxc5 16. c4 Qe7 17. Ba5 Bb6 18. Bc3 Ng4 19. Qe2 Rhe8 20.
Nh4 Qg5+ 21. f4 Qxh5 22. Nf3 Qf5 23. Nh4 Qh5 24. Nf3 Qf5 1/2-1/2

[Event "ch-RUS HL"]
[Site "Ulan Ude RUS"]
[Date "2009.09.04"]
[Round "3"]
[White "Bryzgalin,K"]
[Black "Landa,K"]
[Result "1/2-1/2"]
[WhiteElo "2480"]
[BlackElo "2655"]
[EventDate "2009.09.02"]

1. d4 d5 2. c4 e6 3. Nc3 Be7 4. Nf3 Nf6 5. Bg5 h6 6. Bh4 O-O 7. e3 Ne4 8.
Bxe7 Qxe7 9. Rc1 Nxc3 10. Rxc3 c6 11. Be2 dxc4 12. Rxc4 Nd7 13. O-O e5 14.
Qc2 Nb6 15. Rc5 exd4 16. Nxd4 Nd7 17. Rc3 Nf6 18. Bf3 Be6 19. Nxe6 Qxe6 20.
Rb3 Qe7 21. Rd1 Rad8 22. Rbd3 Rfe8 23. a3 Rxd3 24. Qxd3 Qe5 25. Qd4 Qxd4
26. Rxd4 Re7 27. Kf1 Rd7 28. Rxd7 Nxd7 29. Ke1 Kf8 30. Kd2 Ke7 31. Bd1 Nc5
32. Bc2 a5 33. f4 Kd6 34. Kc3 b5 35. g3 Ne6 36. Bb3 Nd8 37. Ba2 f6 38. b4
axb4+ 39. axb4 c5 40. bxc5+ Kxc5 41. Kd3 Nb7 42. e4 b4 43. e5 fxe5 44. fxe5
Na5 45. Bg8 Nc6 46. Ke4 Nd4 47. Ba2 b3 48. Bb1 b2 49. g4 Nb5 50. Kf5 Na3
51. Ba2 Nb5 52. Bb1 Na3 53. Ba2 Nb5 54. Ke4 1/2-1/2

[Event "ch-RUS HL"]
[Site "Ulan Ude RUS"]
[Date "2009.09.04"]
[Round "3"]
[White "Rakhmanov,Ale"]
[Black "Kurnosov,I"]
[Result "1/2-1/2"]
[WhiteElo "2588"]
[BlackElo "2669"]
[EventDate "2009.09.02"]

1. d4 Nf6 2. Nf3 g6 3. Bf4 d6 4. h3 Bg7 5. e3 c5 6. c3 Qb6 7. Qb3 Be6 8.
Qa3 O-O 9. Nbd2 Nc6 10. dxc5 Qxc5 11. Qxc5 dxc5 12. e4 h6 13. Be3 Nd7 14.
Nb3 b6 15. Nfd2 f5 16. f3 a5 17. exf5 gxf5 18. a4 f4 19. Bf2 Nde5 20. O-O-O
Nd8 21. Kc2 Ndf7 22. Ne4 Bd7 23. Ra1 Nd6 24. Nbd2 Rad8 25. Be2 Bc6 26. Rhd1
Kf7 27. Bf1 Nxe4 28. Nxe4 Rxd1 29. Kxd1 Ke6 30. Kc2 Kf5 31. Nd2 Bf6 32. b3
Rd8 33. Re1 Kg6 34. Ne4 Bg7 35. Bh4 Kf7 36. Nd2 Bf6 37. Nc4 Nxc4 38. Bxc4+
Bd5 39. Bxd5+ Rxd5 40. Bf2 Rg5 41. Rg1 Re5 42. Re1 Rg5 43. Rg1 Re5 44. Re1
Rg5 45. Rg1 1/2-1/2

[Event "ch-RUS HL"]
[Site "Ulan Ude RUS"]
[Date "2009.09.04"]
[Round "3"]
[White "Vorobiov,E"]
[Black "Gabrielian,A"]
[Result "1-0"]
[WhiteElo "2606"]
[BlackElo "2513"]
[EventDate "2009.09.02"]

1. e4 c6 2. d4 d5 3. Nc3 dxe4 4. Nxe4 Bf5 5. Ng3 Bg6 6. h4 h6 7. Nf3 Nd7 8.
h5 Bh7 9. Bd3 Bxd3 10. Qxd3 e6 11. Bd2 Ngf6 12. O-O-O Be7 13. Qe2 O-O 14.
Nf1 c5 15. g4 cxd4 16. g5 hxg5 17. Bxg5 Qa5 18. Kb1 Nc5 19. h6 Rfd8 20.
hxg7 Qb6 21. Ne5 Na4 22. Rh8+ Kxg7 23. Bxf6+ Kxf6 24. Rh6+ Kg7 25. Rh7+ Kf8
26. Rh8+ 1-0

[Event "ch-RUS HL"]
[Site "Ulan Ude RUS"]
[Date "2009.09.04"]
[Round "3"]
[White "Maletin,P"]
[Black "Popov,Val"]
[Result "1-0"]
[WhiteElo "2576"]
[BlackElo "2595"]
[EventDate "2009.09.02"]

1. d4 d5 2. c4 e6 3. Nf3 Nd7 4. Nbd2 Ngf6 5. g3 dxc4 6. Nxc4 b5 7. Na5 c5
8. Bd2 c4 9. Qc2 Nd5 10. a3 Ba6 11. e4 N5b6 12. Bg2 Rc8 13. O-O Bd6 14. d5
exd5 15. exd5 Nxd5 16. Qe4+ Ne7 17. Bc3 Nc5 18. Qg4 Ne6 19. Rad1 h5 20. Qh4
Ng6 21. Qe4 O-O 22. Bh3 Re8 23. Qd5 Bc7 24. Qxh5 Bxa5 25. Bxe6 Rxe6 26. Ng5
Qxg5 27. Qxg5 Bxc3 28. bxc3 Ne5 29. Rd8+ Re8 30. Rxc8 Bxc8 31. f4 1-0

[Event "ch-RUS HL"]
[Site "Ulan Ude RUS"]
[Date "2009.09.04"]
[Round "3"]
[White "Frolyanov,D"]
[Black "Belov,Vl"]
[Result "1/2-1/2"]
[WhiteElo "2557"]
[BlackElo "2624"]
[EventDate "2009.09.02"]

1. e4 c5 2. Nf3 d6 3. d4 cxd4 4. Nxd4 Nf6 5. Nc3 a6 6. Be2 e6 7. O-O Be7 8.
f4 O-O 9. a4 Nc6 10. Be3 Bd7 11. Nb3 Na5 12. Nd2 Qc7 13. Bd3 Be8 14. Qf3
Nd7 15. Qh3 Nc5 16. f5 Nxd3 17. cxd3 Qd8 18. fxe6 fxe6 19. Qxe6+ Bf7 20.
Qg4 Nc6 21. Qg3 Nb4 22. Bd4 Bg6 23. Rxf8+ Bxf8 24. Rf1 d5 25. Nf3 dxe4 26.
dxe4 Nc6 27. Bf2 Qd6 28. Qh3 Re8 29. Re1 Qb4 30. Re2 Qc4 31. Nh4 Bb4 32.
Nxg6 hxg6 33. Re1 Bxc3 34. bxc3 Rxe4 35. Qc8+ Kh7 36. Qh3+ Kg8 37. Qc8+ Kh7
38. Qh3+ 1/2-1/2

[Event "ch-RUS HL"]
[Site "Ulan Ude RUS"]
[Date "2009.09.04"]
[Round "3"]
[White "Sharafiev,A"]
[Black "Pushkarev,D"]
[Result "1/2-1/2"]
[WhiteElo "2400"]
[BlackElo "2429"]
[EventDate "2009.09.02"]

1. e4 c5 2. Nf3 d6 3. d4 cxd4 4. Nxd4 Nf6 5. Nc3 a6 6. Bc4 e6 7. Bb3 b5 8.
O-O Be7 9. Qf3 Qc7 10. Qg3 O-O 11. Bh6 Ne8 12. Kh1 Bd7 13. f4 Nc6 14. Nf3
Na5 15. e5 Nc4 16. Bxc4 Qxc4 17. Rfd1 Qc7 18. f5 dxe5 19. Nxe5 Bc8 20. fxe6
Bxe6 21. Nd5 Bxd5 22. Rxd5 f6 23. Qb3 Kh8 24. Nd7 gxh6 25. Nxf8 Bxf8 26.
Rad1 Rc8 27. Rd7 Qc4 28. Qxc4 Rxc4 29. Rd8 Re4 30. Ra8 Re6 31. g3 Kg7 32.
Rd7+ Kg6 33. Rda7 Bc5 34. Rd7 f5 35. Rc8 Bb6 36. Kg2 Nf6 37. Rd2 h5 38. c4
Ne4 39. Re2 Rd6 40. cxb5 axb5 41. Rec2 Bc5 42. R8xc5 Nxc5 43. Rxc5 Rd2+ 44.
Kf3 Rxb2 45. h4 Rxa2 46. Rxb5 Ra3+ 47. Kf4 Ra4+ 48. Kf3 Ra3+ 49. Kf4 Ra4+
50. Kf3 1/2-1/2

[Event "ch-RUS HL"]
[Site "Ulan Ude RUS"]
[Date "2009.09.05"]
[Round "4"]
[White "Riazantsev,A"]
[Black "Kokarev,Dm"]
[Result "1-0"]
[WhiteElo "2646"]
[BlackElo "2630"]
[EventDate "2009.09.02"]

1. d4 Nf6 2. c4 g6 3. Nc3 Bg7 4. e4 O-O 5. Nf3 d6 6. h3 e5 7. d5 a5 8. g4
c6 9. Be3 a4 10. a3 Qa5 11. Nd2 Nbd7 12. Be2 Nc5 13. Kf1 cxd5 14. cxd5 Bd7
15. h4 b5 16. h5 Rfb8 17. g5 Ne8 18. hxg6 hxg6 19. Na2 Nc7 20. Kg2 N7a6 21.
Rh4 f5 22. gxf6 Bxf6 23. Qh1 Qd8 24. Rh7 Rb7 25. Qh2 Be8 26. Rh1 Rg7 27.
Rxg7+ Bxg7 28. Qh7+ Kf8 29. Bh6 Bxh6 30. Qxh6+ Ke7 31. Bg4 1-0

[Event "ch-RUS HL"]
[Site "Ulan Ude RUS"]
[Date "2009.09.05"]
[Round "4"]
[White "Galkin,A"]
[Black "Shimanov,A"]
[Result "1/2-1/2"]
[WhiteElo "2608"]
[BlackElo "2508"]
[EventDate "2009.09.02"]

1. e4 e6 2. d4 d5 3. exd5 exd5 4. c3 Bd6 5. Bd3 c6 6. Ne2 Ne7 7. Bf4 Bf5 8.
O-O O-O 9. Re1 Re8 10. Bxd6 Qxd6 11. Ng3 Bxd3 12. Qxd3 Nd7 13. Nd2 Ng6 14.
Nf5 Qf6 15. g3 Ne7 16. Nh4 Ng6 17. Nf5 Ne7 18. Nh4 Ng6 19. Nf5 1/2-1/2

[Event "ch-RUS HL"]
[Site "Ulan Ude RUS"]
[Date "2009.09.05"]
[Round "4"]
[White "Grachev,B"]
[Black "Potkin,V"]
[Result "0-1"]
[WhiteElo "2684"]
[BlackElo "2606"]
[EventDate "2009.09.02"]

1. d4 d5 2. Bf4 c5 3. e3 Nc6 4. c3 Nf6 5. Nd2 e6 6. Ngf3 Bd6 7. Bg3 Bxg3 8.
hxg3 Qd6 9. Bd3 e5 10. dxe5 Nxe5 11. Nxe5 Qxe5 12. Qa4+ Bd7 13. Qf4 Qe7 14.
O-O-O O-O-O 15. e4 dxe4 16. Nxe4 Nxe4 17. Bxe4 h6 18. Bd5 Rhe8 19. Rd2 Be6
20. Re1 Qf8 21. Bxe6+ Rxe6 22. Rxe6 fxe6 23. Qxf8 Rxf8 24. Kd1 Kc7 25. Ke2
Rf5 26. g4 Re5+ 27. Kf3 Rd5 28. Ke3 Re5+ 29. Kf4 Rd5 30. Rxd5 exd5 31. g5
hxg5+ 32. Kxg5 Kd6 33. Kf5 b5 34. f4 a5 35. a3 a4 36. g4 c4 37. g5 d4 38.
cxd4 b4 39. Kg6 bxa3 40. bxa3 c3 41. f5 c2 42. Kxg7 c1=Q 43. g6 Qc7+ 0-1

[Event "ch-RUS HL"]
[Site "Ulan Ude RUS"]
[Date "2009.09.05"]
[Round "4"]
[White "Tregubov,P"]
[Black "Anisimov,P2"]
[Result "1-0"]
[WhiteElo "2649"]
[BlackElo "2518"]
[EventDate "2009.09.02"]

1. d4 d5 2. Nf3 Nf6 3. c4 dxc4 4. e3 e6 5. Bxc4 a6 6. O-O c5 7. Bb3 Be7 8.
Qe2 Nc6 9. dxc5 Bxc5 10. e4 Ng4 11. e5 Qc7 12. Bf4 f6 13. Nbd2 Ngxe5 14.
Nxe5 fxe5 15. Bg3 O-O 16. Rac1 Qe7 17. Qe4 Bd4 18. Nf3 Bd7 19. Nxe5 Bxe5
20. Bxe5 Nxe5 21. Qxe5 Rac8 22. Rc7 Rxc7 23. Qxc7 Qd8 24. Qxb7 Bb5 25. Rd1
Qf6 26. f3 Qxb2 27. Bxe6+ Kh8 28. Bb3 Re8 29. Qd5 Qe2 30. h3 Qe3+ 31. Kh1
Qf2 32. Kh2 Qe3 33. Rd4 Qc3 34. Qd6 Qc8 35. a4 Be2 36. Bf7 Rf8 37. Be6 Qe8
38. Re4 Bxf3 39. gxf3 Rxf3 40. Bg4 Rf2+ 41. Kg3 1-0

[Event "ch-RUS HL"]
[Site "Ulan Ude RUS"]
[Date "2009.09.05"]
[Round "4"]
[White "Maslak,K"]
[Black "Amonatov,F"]
[Result "1/2-1/2"]
[WhiteElo "2551"]
[BlackElo "2643"]
[EventDate "2009.09.02"]

1. e4 c5 2. Nf3 d6 3. d4 cxd4 4. Nxd4 Nf6 5. Nc3 a6 6. Bg5 e6 7. f4 Nc6 8.
Nxc6 bxc6 9. e5 h6 10. Bh4 g5 11. fxg5 Nd5 12. Ne4 Qb6 13. Bd3 hxg5 14.
Bxg5 Qxb2 15. c4 Be7 16. Bxe7 Ne3 17. exd6 Nxg2+ 18. Kf1 Ne3+ 19. Ke1 Ng2+
20. Kf1 Ne3+ 21. Ke1 1/2-1/2

[Event "ch-RUS HL"]
[Site "Ulan Ude RUS"]
[Date "2009.09.05"]
[Round "4"]
[White "Khismatullin,D"]
[Black "Papin,V"]
[Result "1-0"]
[WhiteElo "2614"]
[BlackElo "2529"]
[EventDate "2009.09.02"]

1. d4 d5 2. Nf3 Nf6 3. c4 c6 4. e3 Bg4 5. h3 Bh5 6. Nc3 e6 7. g4 Bg6 8. Ne5
Nbd7 9. h4 dxc4 10. Nxg6 hxg6 11. g5 Nd5 12. Bxc4 Bb4 13. Bd2 Qe7 14. Qc2
Ba5 15. f4 Rc8 16. Kf2 Nxc3 17. Bxc3 Bxc3 18. bxc3 Nb6 19. Be2 c5 20. Qb3
Rc7 21. h5 gxh5 22. Bxh5 g6 23. Bf3 Rf8 24. a4 Qd6 25. a5 Nd5 26. c4 Nb4
27. dxc5 Nd3+ 28. Kg3 Nxc5 29. Qb5+ Qd7 30. Qb2 Qc8 31. Rab1 Re7 32. Rh8 e5
33. Rxf8+ Kxf8 34. Qh2 exf4+ 35. exf4 Rc7 36. Qh8+ Ke7 37. Qf6+ Ke8 38. Rh1
Ne6 39. Bg4 Rxc4 40. Rh8+ 1-0

[Event "ch-RUS HL"]
[Site "Ulan Ude RUS"]
[Date "2009.09.05"]
[Round "4"]
[White "Shomoev,A"]
[Black "Lysyj,I"]
[Result "1/2-1/2"]
[WhiteElo "2566"]
[BlackElo "2612"]
[EventDate "2009.09.02"]

1. e4 e6 2. d4 d5 3. Nc3 Nf6 4. Bg5 dxe4 5. Nxe4 Be7 6. Bxf6 Bxf6 7. Nf3
O-O 8. Qd2 b6 9. O-O-O Bb7 10. Bd3 Nd7 11. h4 Be7 12. Qe2 c5 13. dxc5 Qc7
14. Neg5 Nf6 15. Ne5 h6 16. Bg6 hxg5 17. hxg5 fxg6 18. Nxg6 Kf7 19. Ne5+
Kg8 20. Ng6 Kf7 21. gxf6 Bxf6 22. Qh5 Rfd8 23. Ne5+ Kf8 24. Rd6 Bxe5 25.
Qxe5 Rxd6 26. cxd6 Qc4 27. Qg5 Be4 28. Rh8+ Kf7 29. Qf4+ Kg6 30. Qg4+ Kf7
31. Qf4+ Kg6 32. Qg4+ Kf7 33. Qf4+ 1/2-1/2

[Event "ch-RUS HL"]
[Site "Ulan Ude RUS"]
[Date "2009.09.05"]
[Round "4"]
[White "Badmatsyrenov,O"]
[Black "Rakhmanov,Ale"]
[Result "0-1"]
[WhiteElo "2437"]
[BlackElo "2588"]
[EventDate "2009.09.02"]

1. e4 c5 2. Nf3 Nf6 3. Nc3 d5 4. exd5 Nxd5 5. Bb5+ Bd7 6. Ne5 Nf6 7. Qf3
Qc8 8. O-O Bxb5 9. Nxb5 a6 10. Na3 Nbd7 11. Nac4 Nxe5 12. Nxe5 e6 13. d3
Qc7 14. Nc4 Nd5 15. Bg5 Be7 16. Bxe7 Qxe7 17. Rae1 Rd8 18. Re4 Nb4 19. Ne3
Nc6 20. Qg3 g6 21. Re1 Qf6 22. Ng4 Qxb2 23. Qe3 h5 24. Ne5 Nxe5 25. Rxe5
O-O 26. Rxc5 Rc8 27. a4 Qb4 28. Rxh5 Rxc2 29. Rf1 Qd2 30. Qxd2 Rxd2 31. Rc5
Rxd3 32. Rc7 Rb8 33. h3 Rd4 34. Rb1 Rxa4 35. Rbxb7 Rxb7 36. Rxb7 a5 37. Ra7
Kg7 38. g3 e5 39. Ra6 f5 40. Kf1 Ra2 41. g4 a4 42. gxf5 gxf5 43. f3 a3 44.
Ke1 Ra1+ 45. Kd2 a2 46. Kc3 Rc1+ 47. Kb2 a1=Q+ 0-1

[Event "ch-RUS HL"]
[Site "Ulan Ude RUS"]
[Date "2009.09.05"]
[Round "4"]
[White "Yaksin,O"]
[Black "Popov,Val"]
[Result "0-1"]
[WhiteElo "2385"]
[BlackElo "2595"]
[EventDate "2009.09.02"]

1. d4 Nf6 2. c4 e6 3. Nf3 d5 4. g3 dxc4 5. Bg2 a6 6. O-O Nc6 7. e3 Bd7 8.
Qe2 b5 9. Rd1 Bb4 10. e4 O-O 11. Bg5 h6 12. Bf4 Re8 13. Nc3 Bf8 14. h3 Rb8
15. g4 Nh7 16. Rd2 Bd6 17. e5 Bb4 18. d5 exd5 19. Rxd5 Ne7 20. Rdd1 Qc8 21.
Ne4 Ng6 22. Bg3 Nhf8 23. g5 Bxh3 24. gxh6 Bxg2 25. hxg7 Qh3 26. gxf8=Q+
Kxf8 27. Nh2 Bxe4 28. Qxe4 Rbd8 29. Qf3 Bc5 30. Kh1 Bd4 31. Re1 Qe6 32.
Rab1 Nxe5 33. Bxe5 Bxe5 34. Qh5 Qg6 35. Qxg6 fxg6 36. Ng4 Bg7 37. Rxe8+
Rxe8 38. b3 c3 39. Ne3 Bh6 0-1

[Event "ch-RUS HL"]
[Site "Ulan Ude RUS"]
[Date "2009.09.05"]
[Round "4"]
[White "Pushkarev,D"]
[Black "Belov,Vl"]
[Result "1/2-1/2"]
[WhiteElo "2429"]
[BlackElo "2624"]
[EventDate "2009.09.02"]

1. e4 e5 2. Nf3 Nc6 3. Bb5 a6 4. Ba4 Nf6 5. O-O Be7 6. Re1 b5 7. Bb3 d6 8.
c3 O-O 9. h3 Na5 10. Bc2 c5 11. d4 Nd7 12. Nbd2 exd4 13. cxd4 Nc6 14. d5
Nce5 15. b3 Bf6 16. Rb1 Ng6 17. Nf1 Nde5 18. N3h2 Bg5 19. Ng3 Re8 20. Rf1
Bf4 21. Nf5 Bxc1 22. Qxc1 Bxf5 23. exf5 Nf8 24. f4 Ned7 25. Qd2 Nf6 26. g4
Qb6 27. Kg2 Qb7 28. Rbd1 Re7 29. Rfe1 Rae8 30. Rxe7 Qxe7 31. Nf3 Qe2+ 32.
Kg3 Re3 33. Qxe2 Rxe2 34. Rd2 Rxd2 35. Nxd2 Nxd5 36. Ne4 c4 37. bxc4 bxc4
38. Bb1 Nd7 39. Nxd6 Nc3 40. Bc2 Nb6 41. a3 Ne2+ 42. Kf2 Nxf4 43. a4 Kf8
44. a5 Nd7 45. Nxc4 Nxh3+ 46. Ke3 Ke7 47. Bd3 Ng5 48. Be2 Kd8 49. Kd4 Nb8
50. Kd5 Kc7 51. Ne5 f6 52. Nf3 Nxf3 53. Bxf3 Nc6 54. Bd1 Nxa5 55. Ke6 Nc4
56. Be2 Ne3 57. Bxa6 Nxg4 58. Kf7 Kd6 59. Kxg7 Ke5 60. Kxh7 Kxf5 61. Bc8+
Kg5 62. Kg7 Ne3 63. Bh3 Nf5+ 64. Kf7 Nd6+ 65. Kg7 f5 66. Bxf5 Nxf5+ 1/2-1/2

[Event "ch-RUS HL"]
[Site "Ulan Ude RUS"]
[Date "2009.09.05"]
[Round "4"]
[White "Gabrielian,A"]
[Black "Sharafiev,A"]
[Result "1-0"]
[WhiteElo "2513"]
[BlackElo "2400"]
[EventDate "2009.09.02"]

1. e4 e5 2. Nf3 Nc6 3. Bb5 a6 4. Ba4 Nf6 5. O-O Be7 6. Re1 b5 7. Bb3 O-O 8.
c3 d6 9. h3 Nd7 10. d4 Bf6 11. a4 Bb7 12. Na3 b4 13. Nc4 exd4 14. cxd4 Re8
15. Bf4 d5 16. exd5 Rxe1+ 17. Qxe1 Nxd4 18. Nxd4 Bxd4 19. Rd1 Qf6 20. Qd2
Nc5 21. Bc2 b3 22. Bb1 Rd8 23. Bg5 Qxf2+ 24. Qxf2 Bxf2+ 25. Kxf2 Rxd5 26.
Re1 f6 27. Be3 Nxa4 28. Rc1 Rd7 29. Bf5 Re7 30. Bd3 Bc6 31. Ra1 Bb5 32. Ra3
f5 33. g3 Rd7 34. Be2 g5 35. Rxb3 1-0

[Event "ch-RUS HL"]
[Site "Ulan Ude RUS"]
[Date "2009.09.06"]
[Round "5"]
[White "Timofeev,Arty"]
[Black "Riazantsev,A"]
[Result "1/2-1/2"]
[WhiteElo "2668"]
[BlackElo "2646"]
[EventDate "2009.09.02"]

1. e4 e6 2. d4 d5 3. Nd2 dxe4 4. Nxe4 Nd7 5. Nf3 Ngf6 6. Nxf6+ Nxf6 7. g3
b6 8. Bb5+ Bd7 9. Be2 Bc6 10. O-O Bb7 11. Ne5 a6 12. c4 Bd6 13. Bf3 Qc8 14.
Bc6+ Bxc6 15. Nxc6 O-O 16. Qf3 Re8 17. Bg5 Nd7 18. Rfe1 f6 19. Be3 Kh8 20.
Rad1 Qb7 21. Kg2 Nb8 22. d5 e5 23. Bd2 Qc8 24. Bc3 a5 25. h4 Nxc6 26. dxc6
Qe6 27. Qd5 Qxd5+ 28. Rxd5 Kg8 29. a3 Kf7 30. b4 axb4 31. Bxb4 Bxb4 32.
axb4 Ra4 33. Rb1 Re6 34. Rd7+ Re7 35. Rd8 Re6 36. Rd7+ Re7 37. Rd8 1/2-1/2

[Event "ch-RUS HL"]
[Site "Ulan Ude RUS"]
[Date "2009.09.06"]
[Round "5"]
[White "Sjugirov,S"]
[Black "Galkin,A"]
[Result "1-0"]
[WhiteElo "2585"]
[BlackElo "2608"]
[EventDate "2009.09.02"]

1. e4 c6 2. d4 d5 3. e5 Bf5 4. Nf3 e6 5. Be2 c5 6. O-O Nc6 7. c3 cxd4 8.
Nxd4 Nge7 9. Nxf5 Nxf5 10. Bd3 g6 11. Qe2 Qc7 12. Bf4 Be7 13. h3 h5 14. Nd2
g5 15. Bh2 Nh4 16. c4 Nd4 17. Qe3 Ndf5 18. Qe1 dxc4 19. Nxc4 Rd8 20. Qe2 g4
21. Rac1 Qb8 22. Rfd1 Kf8 23. Bxf5 Nxf5 24. Rxd8+ Qxd8 25. Rd1 Qc7 26. Nd6
gxh3 27. Qb5 Kg7 28. Qb3 Rd8 29. Qxh3 Qc5 30. Qxh5 Nxd6 31. Qg4+ Kf8 32.
Qh3 Ke8 33. exd6 Bxd6 34. Bf4 Be5 35. Rxd8+ Kxd8 36. Qh5 Bd4 37. Qxf7 Bxf2+
38. Kh2 Qe7 39. Qh5 Qh4+ 40. Qxh4+ Bxh4 41. Be5 Kd7 42. Kh3 Be7 43. Kg4 Kc6
44. Kf4 Kd5 45. g4 b5 46. Bg7 Bd6+ 47. Kf3 Be7 48. Bh6 Ke5 49. Bf4+ Kf6 50.
Ke4 Kf7 51. Be3 a6 52. b3 a5 53. a4 bxa4 54. bxa4 Bb4 55. Bg5 Kg6 56. Bd8
Bc3 57. Kd3 Bb4 58. Kc4 e5 59. Kd5 Bc3 60. Ke4 Kh6 61. Kf5 Kg7 62. Bf6+ Kh6
63. Bg5+ Kg7 64. Bd8 Kh7 65. Be7 Kh6 66. Bf6 Bb2 67. Bg5+ Kh7 68. Bd2 1-0

[Event "ch-RUS HL"]
[Site "Ulan Ude RUS"]
[Date "2009.09.06"]
[Round "5"]
[White "Bryzgalin,K"]
[Black "Tregubov,P"]
[Result "1/2-1/2"]
[WhiteElo "2480"]
[BlackElo "2649"]
[EventDate "2009.09.02"]

1. d4 Nf6 2. Nf3 d5 3. c4 e6 4. Nc3 Be7 5. Bg5 O-O 6. e3 Nbd7 7. Rc1 dxc4
8. Bxc4 a6 9. a4 c5 10. O-O cxd4 11. Nxd4 Qa5 12. Bh4 Ne5 13. Be2 Ng6 14.
Bg3 e5 15. Nf3 Be6 16. Ng5 Rad8 17. Qc2 Bg4 18. Bc4 Nh5 19. Nce4 b5 20.
axb5 axb5 21. Bb3 Rc8 22. Qd3 Qd8 23. Qxd8 Rcxd8 24. Rc6 Bf5 25. Bc2 Bd7
26. Rb6 Rb8 27. Rxb8 Rxb8 28. Bb3 Be8 29. Nf3 Nxg3 30. hxg3 Kf8 31. Rc1 h6
32. Kf1 Bb4 33. Ke2 f6 34. Ne1 Bxe1 35. Kxe1 Ke7 36. Rc7+ Bd7 37. Ra7 Nf8
38. Kd2 f5 39. Nc3 Kd6 40. f4 exf4 41. gxf4 Kc5 42. Rc7+ Kd6 43. Ra7 Kc5
44. Rc7+ Kd6 45. Ra7 1/2-1/2

[Event "ch-RUS HL"]
[Site "Ulan Ude RUS"]
[Date "2009.09.06"]
[Round "5"]
[White "Khairullin,I"]
[Black "Khismatullin,D"]
[Result "0-1"]
[WhiteElo "2604"]
[BlackElo "2614"]
[EventDate "2009.09.02"]

1. d4 Nf6 2. c4 e6 3. Nf3 d5 4. Nc3 Bb4 5. cxd5 exd5 6. Qa4+ Nc6 7. Bg5 h6
8. Bxf6 Qxf6 9. e3 O-O 10. Be2 Be6 11. O-O a6 12. Rfc1 Bd6 13. Qd1 Ne7 14.
Na4 b6 15. Nc3 g5 16. g3 Qg7 17. Qf1 f5 18. Bxa6 f4 19. exf4 Rxa6 20. Qxa6
gxf4 21. Qd3 Bf5 22. Qd2 Be4 23. Ne1 fxg3 24. hxg3 Bf4 25. Qe2 Bxg3 26.
fxg3 Qxd4+ 27. Kh2 Rf2+ 28. Qxf2 Qxf2+ 29. Kh3 Qf1+ 0-1